Top register studies for flute: 90 melodious studies
Kaydedildi:
| Yazar: | |
|---|---|
| Materyal Türü: | Kitap |
| Dil: | İngilizce |
| Baskı/Yayın Bilgisi: |
Nueva York
Carl Fischer
1969
|
| Konular: | |
| Etiketler: |
Etiketle
Etiket eklenmemiş, İlk siz ekleyin!
|
MARC
| LEADER | 00000nam a2200000 a 4500 | ||
|---|---|---|---|
| 001 | UCN6238 | ||
| 003 | CL-VaPUC | ||
| 005 | 20211229150814.0 | ||
| 008 | 010913e19690000US |||||||||||||||||eng|d | ||
| 999 | |c 297208 |d 297206 | ||
| 040 | |c Pontificia Universidad Católica de Valparaíso | ||
| 082 | 0 | 4 | |a Ft788.32193 FIL 1969 |2 21 |
| 100 | 0 | |a Filas, Thomas J |e author |9 462048 | |
| 245 | 1 | 0 | |a Top register studies for flute: 90 melodious studies |
| 260 | |a Nueva York |b Carl Fischer |c 1969 | ||
| 300 | |a 32 p | ||
| 583 | |a last modification |c 20010913 00:00:00 |k Rodrigo Vera | ||
| 650 | 7 | |a FLAUTA TRAVERSA - ESTUDIO E INSTRUCCION |2 CL-VaPUC |9 462049 | |
| 650 | 7 | |a FLAUTA TRAVERSA - TECNICAS DE EJECUCION |2 CL-VaPUC |9 462050 | |
| 650 | 7 | |a FLAUTA TRAVERSA - EJERCICIOS |2 CL-VaPUC |9 462051 | |
| 942 | |c BK |2 ddc | ||
| 945 | |d 20010913 00:00:00 |a crobeson | ||
| 952 | |0 0 |1 0 |2 ddc |4 0 |6 FT_788_321930000000000_FIL_1969 |7 0 |8 F |9 351728 |a BIBEDU |b BIBEDU |d 2019-11-21 |i 1170465 |o Ft788.32193 FIL 1969 |p 1170465 |r 2023-11-22 |w 2019-11-21 |y BK_F |k MUS | ||